[Event "Turniej Niepodleglosci 2022"]
[Site "Warsaw POL"]
[Date "2022.11.11"]
[Round "6.7"]
[White "Jakubowska, Anna"]
[Black "Janeczko, Jakub"]
[Result "1-0"]
[WhiteElo "2039"]
[BlackElo "2105"]

1. e4 c5 2. Nc3 Nc6 3. g3 g6 4. Bg2 Bg7 5. d3 Rb8 6. Be3 d6 7. Qd2 b5 8.
Nge2 b4 9. Nd1 Nf6 10. Bh6 O-O 11. Bxg7 Kxg7 12. O-O a5 13. f4 Qb6 14. Ne3
Ba6 15. Kh1 a4 16. g4 b3 17. axb3 axb3 18. c3 Bb5 19. g5 Nd7 20. Nd5 Qb7
21. f5 Nde5 22. f6+ Kg8 23. c4 Bxc4 24. fxe7 Nxe7 25. Nf6+ Kg7 26. dxc4
Nxc4 27. Qf4 Ne5 28. Qh4 h5 29. gxh6+ Kh8 30. Nd5 Nxd5 31. exd5 f5 32. Nf4
Ra8 33. Rxa8 Qxa8 34. Qe7 Rf7 35. Qxd6 Qe8 36. Qxe5+ 1-0

[Event "Turniej Niepodleglosci 2022"]
[Site "Warsaw POL"]
[Date "2022.11.11"]
[Round "6.8"]
[White "Gajewski, Grzegorz"]
[Black "Kowalski, Igor"]
[Result "1-0"]
[WhiteElo "2489"]
[BlackElo "2299"]

1. d4 Nf6 2. Nf3 g6 3. Bg5 Bg7 4. Nbd2 d5 5. c3 O-O 6. e3 Nbd7 7. Bd3 Re8
8. h4 c5 9. Ne5 Qb6 10. Nxd7 Bxd7 11. Qc2 c4 12. Be2 Bf5 13. Qc1 Ne4 14.
Nxe4 Bxe4 15. f3 Bf5 16. Qd2 Rad8 17. g4 Bc8 18. h5 f6 19. Bh4 e5 20. hxg6
hxg6 21. dxe5 Rxe5 22. Bf2 Qa5 23. Bg3 Ree8 24. Kf2 f5 25. gxf5 Bxf5 26.
Bf4 b5 27. Rag1 Qb6 28. Bd1 d4 29. cxd4 Bxd4 30. Qc1 Bc5 31. Qc3 Rd4 32. b4
cxb3 33. Bxb3+ Kf8 34. Rh8+ Ke7 35. Bg5+ Kd7 36. Rxe8 Kxe8 37. exd4 Bxd4+
38. Be3 Bxc3 39. Bxb6 axb6 40. Rc1 b4 41. Bc2 Kd7 42. Bxf5+ gxf5 43. Ke3
f4+ 44. Ke4 Kd6 45. Rd1+ Kc5 46. Kxf4 Kc4 47. Rb1 Kd3 48. Kf5 Kc2 49. Rb3
1-0

[Event "Turniej Niepodleglosci 2022"]
[Site "Warsaw POL"]
[Date "2022.11.11"]
[Round "6.9"]
[White "Kubicka, Anna"]
[Black "Karolczuk, Iwo"]
[Result "1/2-1/2"]
[WhiteElo "2162"]
[BlackElo "2245"]

1. e4 c5 2. Nf3 d6 3. Bb5+ Nd7 4. d4 cxd4 5. Qxd4 a6 6. Bxd7+ Bxd7 7. O-O
Nf6 8. Bg5 e6 9. c4 Be7 10. Nc3 Qc7 11. Rac1 h6 12. Bh4 Rc8 13. b3 O-O 14.
Rfd1 Rfd8 15. Bxf6 gxf6 16. Qe3 Kh7 17. Qd3 Kh8 18. Nd4 Rg8 19. Qh3 Kh7 20.
Rd3 Qc5 21. Re1 Qa5 22. Red1 b5 23. cxb5 axb5 24. Nd5 Bd8 25. Ne3 Qxa2 26.
Ng4 Rg6 27. Nf3 f5 28. exf5 exf5 29. Ne3 Be6 30. Nxf5 Qe2 31. N3d4 Qe5 32.
Nxe6 fxe6 33. Nxd6 Rc2 34. Nf7 Qf6 35. Rf3 Qd4 36. Rf1 Bb6 37. Qh5 Qg7 38.
Qh3 Bd4 39. Nd6 Bf6 40. Ne4 Be7 41. Rg3 Re2 42. Rxg6 Qxg6 43. Ng3 Re5 44.
f4 Re3 45. b4 Bxb4 46. Qh4 Bc5 47. Kh1 b4 48. f5 exf5 49. Nxf5 Re2 50. Ng3
Re7 51. Qc4 Bd6 52. Nf5 Rd7 53. Nxd6 Qxd6 54. Qe4+ Kg7 55. Qg4+ Kh7 56.
Qf5+ Kg7 57. Qg4+ Kh7 58. Qf5+ 1/2-1/2

[Event "Turniej Niepodleglosci 2022"]
[Site "Warsaw POL"]
[Date "2022.11.11"]
[Round "6.10"]
[White "Krasenkow, Michal"]
[Black "Kowalczyk, Rafal"]
[Result "1-0"]
[WhiteElo "2450"]
[BlackElo "2093"]

1. c4 e6 2. Nc3 d5 3. d4 Nf6 4. Bg5 c6 5. cxd5 exd5 6. Qc2 Be7 7. e3 O-O 8.
Bd3 g6 9. Nge2 Re8 10. O-O Ne4 11. Bf4 f5 12. f3 Nxc3 13. bxc3 c5 14. c4
cxd4 15. Nxd4 Nc6 16. cxd5 Nxd4 17. exd4 Bf6 18. Rae1 Bxd4+ 19. Kh1 Bd7 20.
Qc4 Bg7 21. d6+ Kf8 22. Qc7 Qxc7 23. dxc7 Bc3 24. Rc1 Be5 25. Bh6+ Kf7 26.
Bc4+ Kf6 27. Bd5 Bc6 28. Bxc6 bxc6 29. Rxc6+ Kf7 30. f4 Bf6 31. Rb1 Rac8
32. g3 Re7 33. Rb7 Bd4 34. Bg5 Rd7 35. Bd8 Bb6 36. Rb8 Rdxd8 37. cxd8=Q
Rxd8 38. Rxd8 Bxd8 39. Kg2 Ke7 40. Rc8 Kd7 41. Ra8 a5 42. Kf3 h6 43. Ra6
1-0

[Event "Turniej Niepodleglosci 2022"]
[Site "Warsaw POL"]
[Date "2022.11.11"]
[Round "6.11"]
[White "Janczarski, Michal"]
[Black "Winski, Lukasz"]
[Result "1/2-1/2"]
[WhiteElo "2401"]
[BlackElo "2112"]

1. g3 e5 2. c4 Nf6 3. Bg2 d5 4. cxd5 Nxd5 5. Nf3 Nc6 6. O-O Be6 7. d4 exd4
8. Nxd4 Nxd4 9. Qxd4 c6 10. Rd1 Qb6 11. Qxb6 axb6 12. a3 Be7 13. e4 Nb4 14.
Nc3 Bf6 15. Bf4 Na6 16. e5 Be7 17. Ne4 O-O 18. Be3 Nc5 19. Nxc5 Bxc5 20.
Bxc5 bxc5 21. Rac1 c4 22. f4 Rad8 23. Kf2 c5 24. Be4 f5 25. Bf3 Rd4 26. a4
b6 27. Be2 Rfd8 28. Rxd4 Rxd4 29. Rd1 Kf7 30. Ke3 Re4+ 31. Kf2 Rd4 32. Bf3
c3 33. bxc3 Rxa4 34. Rd6 Rc4 35. Rxb6 Rxc3 36. Rb7+ Kf8 37. Rc7 c4 38. Be2
Rc2 39. Ke3 Rc3+ 40. Kd2 Ra3 41. Bxc4 Bxc4 42. Rxc4 Ra2+ 43. Rc2 Ra3 44.
Ke2 h5 45. Kf2 g6 46. h4 Kf7 47. Re2 Ke6 48. Re3 Ra2+ 49. Kf3 Rb2 50. Rd3
Rb6 51. Ke3 Ra6 52. Rc3 Rb6 53. Kd4 Rb4+ 54. Kc5 Rb1 55. Kc6 Rd1 56. Kc7
Rd2 57. Rc6+ Kf7 58. Rd6 Ra2 59. Rf6+ Kg7 60. Rb6 Rd2 61. Rc6 Ra2 62. Rb6
Ra3 63. e6 Rxg3 64. e7 Kf7 65. Kd7 Re3 1/2-1/2

[Event "Turniej Niepodleglosci 2022"]
[Site "Warsaw POL"]
[Date "2022.11.11"]
[Round "6.12"]
[White "Kacprzak, Karol"]
[Black "Kedzierski, Slawomir"]
[Result "1-0"]
[WhiteElo "2296"]
[BlackElo "2041"]

1. e4 c5 2. Nf3 d6 3. d4 cxd4 4. Nxd4 Nf6 5. Nc3 a6 6. Be3 e6 7. a3 Be7 8.
f3 Qc7 9. Qd2 b5 10. g4 Nc6 11. g5 Nd7 12. Nxc6 Qxc6 13. O-O-O Bb7 14. Kb1
Ne5 15. f4 Nc4 16. Bxc4 Qxc4 17. Bd4 Rg8 18. Rhe1 O-O-O 19. h4 Kb8 20. Bf2
Rc8 21. Qe3 Qc5 22. Qg3 Qc4 23. Qe3 Qc5 24. Qf3 Qc4 25. f5 Rcf8 26. Qe3 Qc6
27. Qa7+ Kc8 28. Rd3 Kd7 29. Bg3 Ra8 30. Qd4 Kc7 31. Nd5+ Kd8 32. Nxe7 Kxe7
33. Bxd6+ Ke8 34. fxe6 fxe6 35. Rc3 Qd7 36. Rc7 1-0

[Event "Turniej Niepodleglosci 2022"]
[Site "Warsaw POL"]
[Date "2022.11.11"]
[Round "6.13"]
[White "Nurkiewicz, Maciej"]
[Black "Andrejczuk, Beata"]
[Result "1-0"]
[WhiteElo "2246"]
[BlackElo "1928"]

1. e4 d5 2. exd5 Qxd5 3. Nc3 Qa5 4. d4 Nf6 5. Nf3 c6 6. Bc4 Bf5 7. Bd2 e6
8. Nd5 Qd8 9. Nxf6+ gxf6 10. Be3 Bd6 11. Qe2 Nd7 12. O-O-O Qc7 13. Nh4 Bg6
14. g3 Be4 15. Rhe1 Bd5 16. Bh6 O-O-O 17. Bxd5 cxd5 18. Qh5 Bf8 19. Bf4 e5
20. dxe5 fxe5 21. Bxe5 Nxe5 22. Qxe5 Bd6 23. Qf5+ Kb8 24. Rxd5 Rc8 25. Red1
Rhd8 26. Kb1 Qb6 27. Qf6 Rc6 28. Nf5 Rdc8 29. Rxd6 1-0

[Event "Turniej Niepodleglosci 2022"]
[Site "Warsaw POL"]
[Date "2022.11.11"]
[Round "6.14"]
[White "Zochowski, Kacper"]
[Black "Jedrusik, Adam"]
[Result "0-1"]
[WhiteElo "2194"]
[BlackElo "1851"]

1. Nf3 d5 2. c4 c6 3. b3 Bg4 4. Ne5 Bf5 5. Bb2 Nd7 6. Nf3 e6 7. g3 Ngf6 8.
Bg2 Bd6 9. O-O O-O 10. d3 Qe7 11. Nc3 Bg4 12. a3 a5 13. Qc2 h6 14. Rfe1
Rac8 15. e4 dxe4 16. dxe4 Bxf3 17. Bxf3 Rfd8 18. Bg2 e5 19. Bh3 Ra8 20. Nd1
Bc5 21. Qe2 Nf8 22. Ne3 g6 23. Nc2 N8h7 24. Bc3 Ng5 25. Bg2 h5 26. h4 Ng4
27. Rf1 Nh7 28. Bf3 Nhf6 29. Kg2 Bd4 30. Bxd4 exd4 31. Rad1 c5 32. Bxg4
Nxg4 33. f3 Ne5 34. Ne1 a4 35. bxa4 Rxa4 36. Nd3 Nxc4 37. Kh2 Ne3 38. Rb1
Nxf1+ 39. Qxf1 Rxa3 40. Nf4 Ra2+ 41. Kh1 Rda8 42. Qc4 Ra1 43. Rxa1 Rxa1+
44. Kh2 Kg7 45. Nd3 b6 46. Nf4 Qa7 47. Ng2 Qa2 48. Qb5 Rb1 49. Qe8 Rb2 50.
Qe5+ Kh7 0-1

[Event "Turniej Niepodleglosci 2022"]
[Site "Warsaw POL"]
[Date "2022.11.11"]
[Round "6.15"]
[White "Bartel, Marta"]
[Black "Chylewski, Patryk"]
[Result "0-1"]
[WhiteElo "2090"]
[BlackElo "2168"]

1. d4 Nf6 2. Nf3 e6 3. c4 b6 4. a3 Bb7 5. Nc3 d5 6. cxd5 Nxd5 7. Qa4+ Nd7
8. e3 Nxc3 9. bxc3 Bd6 10. Bb5 a6 11. Be2 O-O 12. O-O Nf6 13. c4 Ne4 14.
Bb2 Ng5 15. Nxg5 Qxg5 16. g3 h5 17. f4 Qf5 18. Qd1 Qe4 19. Bf3 Qxe3+ 20.
Kg2 Bxf3+ 21. Rxf3 Qe4 22. Qd2 Rfd8 23. Re1 Qf5 24. Qc3 Qg6 25. Kh1 Rd7 26.
f5 exf5 27. d5 Be7 28. Qc2 Bf6 29. Bxf6 Qxf6 30. Qxf5 Qxf5 31. Rxf5 g6 32.
Rf6 Kf8 33. a4 a5 34. Kg2 Re8 35. Rxe8+ Kxe8 36. Rc6 Kd8 37. Rf6 Ke7 38.
Rc6 Kd8 39. Rf6 Re7 40. Kf3 Ke8 41. Rc6 Kd7 42. Rf6 Kd8 43. Kf4 Re2 44. Kg5
Rxh2 45. Rxf7 Rh3 46. Kxg6 Rxg3+ 47. Kxh5 Ra3 48. Kg5 Rxa4 49. Rf4 b5 50.
Rf8+ Ke7 51. Rc8 Rxc4 52. Kf5 Kd6 53. Rd8+ Kc5 54. Ke5 a4 55. Rc8 Kb6 56.
Rb8+ Ka5 57. Ke6 a3 58. Kd7 Kb4 59. Rc8 a2 0-1

[Event "Turniej Niepodleglosci 2022"]
[Site "Warsaw POL"]
[Date "2022.11.11"]
[Round "6.16"]
[White "Dalkowski, Rafal"]
[Black "Bartel, Michal"]
[Result "0-1"]
[WhiteElo "2030"]
[BlackElo "2151"]

1. d4 Nf6 2. c4 c5 3. d5 e6 4. Nc3 exd5 5. cxd5 d6 6. Nf3 g6 7. Nd2 Nbd7 8.
e4 Bg7 9. Be2 O-O 10. O-O a6 11. a4 Re8 12. Qc2 Ne5 13. Re1 g5 14. Nf1 h6
15. Ng3 Ng6 16. Nd1 Nh4 17. Ne3 Bd7 18. Bd2 b5 19. axb5 axb5 20. Rxa8 Qxa8
21. b4 Qa4 22. Qb1 Ng6 23. Bd1 Qa3 24. Nef5 Bf8 25. Re3 Qa7 26. Qb2 Ne5 27.
Ra3 Qb6 28. Qa1 Bxf5 29. Ra6 Qd8 30. Nxf5 Nxe4 31. Be3 Qf6 32. Nxd6 Bxd6
33. bxc5 Nc4 34. Qxf6 Nxf6 35. cxd6 Nxd5 36. d7 Rd8 37. Bg4 Ncxe3 38. fxe3
Nxe3 39. Rc6 Kf8 40. Be2 Rxd7 41. Bxb5 Rd1+ 42. Kf2 Nf5 43. Rf6 Rd2+ 44.
Ke1 Rd5 45. Bc4 Re5+ 46. Kf2 Ne3 47. Rxf7+ Ke8 48. Ba2 h5 49. h3 Nd1+ 50.
Kf3 Re3# 0-1

[Event "Turniej Niepodleglosci 2022"]
[Site "Warsaw POL"]
[Date "2022.11.11"]
[Round "6.17"]
[White "Rekuc, Patryk"]
[Black "Wisniewski, Michal"]
[Result "0-1"]
[WhiteElo "1835"]
[BlackElo "2130"]

1. e4 Nf6 2. e5 Nd5 3. c4 Nb6 4. d4 d6 5. exd6 cxd6 6. Nc3 g6 7. Nf3 Bg7 8.
Be3 O-O 9. h3 Nc6 10. Be2 d5 11. c5 Nc4 12. Bxc4 dxc4 13. O-O Bf5 14. b3
Bd3 15. Ne2 Bxe2 16. Qxe2 cxb3 17. axb3 Nxd4 18. Bxd4 Bxd4 19. Rad1 e5 20.
Qc4 Rc8 21. Nxe5 Rxc5 22. Rxd4 Qc7 23. Qd3 Qxe5 24. Rd1 Qc7 25. Rd7 Qb6 26.
Qf3 Rb5 27. R1d3 Rf5 28. Qg3 Rc8 29. Rf3 Qc6 30. Rdd3 Rxf3 31. Rxf3 Qc1+
32. Kh2 Qc7 33. Rf4 Re8 34. Rf3 Qxg3+ 35. Kxg3 Re4 36. Rc3 Rb4 37. Kf3 Kg7
38. Ke3 a5 39. g3 g5 40. Kd2 h6 41. Kc2 b5 42. Rc5 a4 43. bxa4 bxa4 44. Ra5
Kg6 45. Kd2 h5 46. Ke2 h4 47. Kf1 hxg3 48. fxg3 Rb3 49. Kg2 a3 50. g4 Rb2+
51. Kg3 a2 52. Ra6+ Kg7 53. h4 gxh4+ 54. Kxh4 Kf8 55. Kg5 Ke7 56. Kf5 Kd7
57. g5 Kc7 58. Ra3 Rf2+ 59. Ke5 Kc6 60. Ra8 Kc5 61. Ra7 Kc4 62. Kd6 Re2 63.
Kd7 Kb3 64. Kd8 Kb2 65. Rb7+ Kc1 66. Ra7 Kb1 67. Rb7+ Rb2 68. Rxf7 Rb8+ 69.
Kc7 Rg8 70. Rf1+ Kb2 71. Rf2+ Kb3 72. Rf3+ Kb4 73. Rf4+ Kb5 74. Rf5+ Ka6
75. Rf1 Rxg5 76. Ra1 Rg2 77. Kc6 Rc2+ 78. Kd5 Kb5 79. Kd4 Kb4 80. Kd3 Kb3
81. Rh1 Kb2 82. Ra1 Rc1 0-1

[Event "Turniej Niepodleglosci 2022"]
[Site "Warsaw POL"]
[Date "2022.11.11"]
[Round "6.18"]
[White "Zysko, Jan"]
[Black "Bartodziej, Bartosz"]
[Result "1-0"]
[WhiteElo "2122"]
[BlackElo "1757"]

1. e4 c5 2. Nf3 d6 3. d4 cxd4 4. Nxd4 Nf6 5. Nc3 a6 6. Be2 e5 7. Nf3 Be7 8.
O-O O-O 9. Bc4 Be6 10. Qd3 Nbd7 11. Bxe6 fxe6 12. Ng5 Nc5 13. Qh3 Qc8 14.
b4 h6 15. bxc5 hxg5 16. cxd6 g4 17. Qd3 Rd8 18. Ba3 Qc6 19. Rad1 Rac8 20.
Nd5 Bf8 21. Nxf6+ gxf6 22. Qe2 Bxd6 23. Qxg4+ Kf8 24. Rxd6 Rxd6 25. Qxe6
Rd8 26. Rd1 Qxc2 27. Bxd6+ Kg7 28. Qd5 Rc8 29. g3 Qe2 30. Bxe5 Rc2 31.
Bxf6+ Kxf6 32. Qf5+ Kg7 33. Rd7+ 1-0

[Event "Turniej Niepodleglosci 2022"]
[Site "Warsaw POL"]
[Date "2022.11.11"]
[Round "6.19"]
[White "Spicak, Krzysztof"]
[Black "Deszczynski, Adam"]
[Result "0-1"]
[WhiteElo "1811"]
[BlackElo "2221"]

1. f4 d5 2. Nf3 Nf6 3. b3 c5 4. e3 a6 5. Bb2 Nc6 6. d4 Bg4 7. Be2 Bxf3 8.
Bxf3 e6 9. O-O Bd6 10. g3 Rc8 11. Nd2 cxd4 12. exd4 Nb4 13. c4 b6 14. a3
Nc6 15. Kg2 O-O 16. Rc1 Ne7 17. Qe2 a5 18. c5 bxc5 19. dxc5 Bxc5 20. g4 Bd6
21. f5 exf5 22. Bxf6 gxf6 23. gxf5 Rxc1 24. Rxc1 Bxa3 25. Rf1 Bb4 26. Bh5
Bxd2 27. Qxd2 Nc6 28. Kh1 Kh8 29. Rg1 Ne5 30. Rg3 Rg8 31. Qh6 Rxg3 32. hxg3
d4 33. g4 d3 34. g5 d2 35. Bd1 Qd5+ 36. Kh2 Qd6 37. Kh3 Nd7 38. gxf6 Qxf6
39. Qxd2 Ne5 40. Bc2 Kg7 41. Kg2 Qc6+ 42. Kg3 Qf3+ 43. Kh2 Ng4+ 44. Kg1
Qg3+ 45. Qg2 Qxg2+ 46. Kxg2 Ne3+ 47. Kf3 Nxc2 0-1

[Event "Turniej Niepodleglosci 2022"]
[Site "Warsaw POL"]
[Date "2022.11.11"]
[Round "6.20"]
[White "Syrkiewicz, Michal"]
[Black "Bebel, Arkadiusz"]
[Result "0-1"]
[WhiteElo "1993"]
[BlackElo "2195"]

1. e4 d6 2. d4 Nf6 3. Nc3 Nbd7 4. Nf3 e5 5. Bc4 Be7 6. O-O c6 7. a4 Qc7 8.
h3 h6 9. Be3 Nf8 10. Re1 Ng6 11. Qd2 b6 12. Rad1 a6 13. Bb3 b5 14. d5 b4
15. Ne2 cxd5 16. exd5 a5 17. Ng3 Bd7 18. Rc1 O-O 19. c4 bxc3 20. Rxc3 Qb7
21. Rec1 Rfb8 22. Qd3 Qb4 23. Nd2 Bd8 24. Rc4 Qb7 25. R4c3 Bb6 26. Nc4 Bxe3
27. Nxe3 Nf4 28. Qd1 Qb4 29. Ngf5 Bxf5 30. Nxf5 Qe4 31. Ne3 g6 32. Bc2 Qd4
33. Rc6 Rxb2 34. Qxd4 exd4 35. Nc4 Rb4 36. Rb1 d3 37. Rxb4 dxc2 38. Nxd6
axb4 39. Rxc2 N4xd5 40. Ra2 Nc3 41. Rb2 Nfd5 42. Nc4 Rxa4 43. Kh2 Ra2 44.
Rb3 Rxf2 45. Kg3 Re2 46. Kf3 Re6 47. g4 Kg7 48. Rb2 Rf6+ 49. Kg3 g5 50. Ne5
Ne4+ 51. Kg2 Ne3+ 52. Kg1 Rf1+ 53. Kh2 Rf2+ 54. Rxf2 Nxf2 55. Nd3 Nxd3 0-1

[Event "Turniej Niepodleglosci 2022"]
[Site "Warsaw POL"]
[Date "2022.11.11"]
[Round "7.1"]
[White "Nasuta, Grzegorz"]
[Black "Kosiorek, Marek"]
[Result "1-0"]
[WhiteElo "2452"]
[BlackElo "2347"]

1. e4 d6 2. d4 Nf6 3. Nc3 c6 4. f4 Qa5 5. Bd3 e5 6. Nf3 Nbd7 7. O-O Be7 8.
Kh1 O-O 9. Qe1 Qc7 10. a4 exd4 11. Nxd4 Nc5 12. Qg3 Nxd3 13. cxd3 c5 14.
Nc2 Qc6 15. Ne3 Kh8 16. Bd2 Bd8 17. f5 Ba5 18. Nc4 Bxc3 19. Bxc3 d5 20. Na5
Qa6 21. exd5 Bd7 22. Nc4 Rae8 23. h3 Re2 24. Qf3 Rfe8 25. b3 h6 26. Rae1
Rxe1 27. Bxe1 b6 28. Bc3 Ng8 29. Ne5 Rxe5 30. Bxe5 f6 31. Bc3 Qb7 32. d6
Bc6 33. Qg3 Qd7 34. Kh2 h5 35. d4 cxd4 36. Bxd4 Nh6 37. Qf4 Nf7 38. Rd1
Qxd6 39. Qxd6 Nxd6 40. Bxb6 Nxf5 41. Bxa7 g5 42. Rc1 Be4 43. Rc4 Bd5 44.
Rc5 Be4 45. b4 g4 46. hxg4 hxg4 47. Bb8 Ne3 48. Rc8+ Kg7 49. Re8 f5 50. a5
1-0

[Event "Turniej Niepodleglosci 2022"]
[Site "Warsaw POL"]
[Date "2022.11.11"]
[Round "7.2"]
[White "Jakubowski, Krzysztof"]
[Black "Psyk, Radoslaw"]
[Result "0-1"]
[WhiteElo "2404"]
[BlackElo "2330"]

1. c4 e5 2. g3 d6 3. Bg2 f5 4. d4 Be7 5. e3 Nf6 6. Ne2 O-O 7. Nbc3 c6 8. b4
e4 9. a4 d5 10. c5 g5 11. b5 Be6 12. Rb1 b6 13. Ba3 Nfd7 14. cxb6 Nxb6 15.
Bxe7 Qxe7 16. h4 h6 17. Qb3 Nc4 18. Qb4 Qg7 19. hxg5 hxg5 20. a5 cxb5 21.
Nxb5 Nc6 22. Qc5 Rac8 23. Nd6 N6e5 24. Rb7 Nd3+ 25. Kf1 Qxb7 26. Nxb7 Nxc5
27. Nxc5 Bf7 28. Rh6 Rb8 29. Nc3 Rb2 30. Kg1 Kg7 31. Ra6 Rc2 32. Rxa7 Rxc3
33. Ne6+ Kg8 34. Nxf8 Kxf8 35. a6 Rc1+ 36. Kh2 g4 37. Rb7 Ra1 38. a7 Be8
39. Bf1 Nd2 40. Be2 Nc4 41. Bd1 Bc6 42. Rc7 Be8 43. Bb3 Nd2 0-1

[Event "Turniej Niepodleglosci 2022"]
[Site "Warsaw POL"]
[Date "2022.11.11"]
[Round "7.3"]
[White "Kanarek, Marcel"]
[Black "Piesik, Piotr"]
[Result "0-1"]
[WhiteElo "2388"]
[BlackElo "2376"]

1. e4 e6 2. d4 d5 3. Nc3 Bb4 4. Ne2 dxe4 5. a3 Bxc3+ 6. Nxc3 Nf6 7. Bg5 h6
8. Bh4 Nc6 9. Bb5 Bd7 10. Nxe4 g5 11. Nxf6+ Qxf6 12. Bg3 Qf5 13. Bd3 Qd5
14. O-O O-O-O 15. c3 h5 16. f3 f5 17. Qe2 f4 18. Be4 Qd6 19. Bf2 Rdg8 20.
Kh1 g4 21. Bh4 Rh6 22. Qb5 a6 23. Qb3 Na5 24. Qb4 Qxb4 25. axb4 Nc4 26. Rf2
g3 27. Re2 gxh2 28. Kxh2 Ne3 29. g3 Bb5 30. Rf2 fxg3+ 31. Bxg3 Rf6 32. Be5
Ng4+ 33. fxg4 Rxf2+ 34. Kg3 Rxb2 35. Rh1 Rxg4+ 36. Kf3 Rxe4 37. Rxh5 Be2+
0-1

[Event "Turniej Niepodleglosci 2022"]
[Site "Warsaw POL"]
[Date "2022.11.11"]
[Round "7.4"]
[White "Golubka, Petro"]
[Black "Bartel, Mateusz"]
[Result "1/2-1/2"]
[WhiteElo "2360"]
[BlackElo "2533"]

1. e4 e5 2. Bb5 Nf6 3. Qe2 Bc5 4. Nc3 O-O 5. Nf3 Re8 6. d3 c6 7. Ba4 h6 8.
h3 d5 9. exd5 b5 10. Bb3 cxd5 11. O-O Nc6 12. Qd1 a6 13. Ne2 Qd6 14. Be3 e4
15. dxe4 Bxe3 16. fxe3 Rxe4 17. Nc3 Rxe3 18. Nxd5 Nxd5 19. Qxd5 Qxd5 20.
Bxd5 Bb7 21. Rad1 Re7 22. Nh4 Rd8 23. Nf5 Red7 24. Bxc6 Bxc6 25. Ne7+ Kf8
26. Ng6+ Kg8 27. Ne7+ Kf8 28. Ng6+ 1/2-1/2

[Event "Turniej Niepodleglosci 2022"]
[Site "Warsaw POL"]
[Date "2022.11.11"]
[Round "7.5"]
[White "Jakubowska, Anna"]
[Black "Gajewski, Grzegorz"]
[Result "1/2-1/2"]
[WhiteElo "2039"]
[BlackElo "2489"]

1. e4 c5 2. Nc3 a6 3. g3 b5 4. Bg2 Bb7 5. Nge2 e6 6. O-O Nf6 7. d3 d5 8. e5
Nfd7 9. f4 g6 10. d4 Nc6 11. Be3 b4 12. Na4 c4 13. b3 Na5 14. a3 bxa3 15.
Nc5 Nxc5 16. dxc5 cxb3 17. cxb3 Qc7 18. Qc2 Be7 19. Rxa3 Nc6 20. Ra4 a5 21.
Rc1 O-O 22. Qd2 Rfb8 23. Bf1 Ba6 24. Qd1 Rb7 25. Ra3 Rab8 26. Nd4 Bxf1 27.
Kxf1 Nxd4 28. Bxd4 Qc6 29. Rxa5 Rxb3 30. Qe2 R3b4 31. Ra6 Qc8 32. Be3 Rb2
33. Qd3 R2b3 1/2-1/2

[Event "Turniej Niepodleglosci 2022"]
[Site "Warsaw POL"]
[Date "2022.11.11"]
[Round "7.6"]
[White "Chylewski, Patryk"]
[Black "Krasenkow, Michal"]
[Result "0-1"]
[WhiteElo "2168"]
[BlackElo "2450"]

1. e4 e5 2. Nf3 Nc6 3. d4 exd4 4. Bc4 Bc5 5. c3 Nf6 6. e5 d5 7. Bb5 Ne4 8.
cxd4 Bb4+ 9. Bd2 Nxd2 10. Nbxd2 Bd7 11. Bxc6 Bxc6 12. O-O O-O 13. Rc1 Bb5
14. Re1 a5 15. Qb3 Qd7 16. Qc2 Rac8 17. Ng5 g6 18. Re3 Be7 19. Ndf3 c5 20.
dxc5 Rxc5 21. Rc3 Rfc8 22. Qd2 Qf5 23. Rxc5 Rxc5 24. Rxc5 Bxc5 25. h4 h6
26. Nh3 Kg7 27. Qxd5 b6 28. Qd2 Qb1+ 29. Kh2 Qxa2 30. Nf4 Bc6 31. Nd4 Qa4
32. Nxc6 Qxc6 33. Qc3 Kg8 34. Qd3 Bxf2 35. Nd5 Bxh4 36. Qe4 Qe6 37. Nc7 Qe7
38. Nd5 Qg5 39. Nxb6 Bg3+ 40. Kh3 Bxe5 41. g4 h5 42. gxh5 Qg3# 0-1

[Event "Turniej Niepodleglosci 2022"]
[Site "Warsaw POL"]
[Date "2022.11.11"]
[Round "7.7"]
[White "Bartel, Michal"]
[Black "Janczarski, Michal"]
[Result "0-1"]
[WhiteElo "2151"]
[BlackElo "2401"]

1. e4 c6 2. Nc3 g6 3. g3 d5 4. d3 dxe4 5. Nxe4 Bg7 6. Bg2 Nd7 7. Qe2 Ndf6
8. Nf3 Bg4 9. h3 Bxf3 10. Qxf3 Nxe4 11. Qxe4 Nf6 12. Qe2 O-O 13. O-O Re8
14. Bd2 Nd5 15. Rab1 e5 16. Kh2 Qd6 17. Rbe1 Re6 18. Qe4 Rae8 19. Qa4 a6
20. Qb3 b5 21. a4 Qc5 22. axb5 axb5 23. Ra1 h5 24. Ra5 Nc7 25. Be3 Qd6 26.
Rfa1 h4 27. Qa3 b4 28. Qa4 Nb5 29. Ra8 Nd4 30. Rxe8+ Rxe8 31. c3 Nf5 32.
Qxc6 hxg3+ 33. fxg3 Qxc6 34. Bxc6 Rd8 35. Bg5 Rxd3 36. g4 Nd6 37. cxb4 Rb3
38. Be7 Rxb2+ 39. Kg1 Nc4 40. Bd5 Nb6 41. Bc6 e4 42. Rd1 e3 43. Bc5 Nc4 44.
b5 e2 45. Re1 Bc3 46. Kf2 Bxe1+ 47. Kxe1 Ne5 48. Be4 f5 49. gxf5 gxf5 50.
Bd4 Rxb5 51. Bc2 Nf3+ 52. Kxe2 0-1

[Event "Turniej Niepodleglosci 2022"]
[Site "Warsaw POL"]
[Date "2022.11.11"]
[Round "7.8"]
[White "Kozak, Antoni"]
[Black "Kubicka, Anna"]
[Result "1-0"]
[WhiteElo "2326"]
[BlackElo "2162"]

1. d4 Nf6 2. Nf3 d5 3. c3 c5 4. dxc5 e6 5. Be3 Qc7 6. Qd4 Nc6 7. Qh4 Be7 8.
Bg5 Ne4 9. Bxe7 Nxe7 10. e3 Nf5 11. Qf4 Qxf4 12. exf4 Nxc5 13. Nbd2 b6 14.
Nb3 a5 15. Nbd4 Nxd4 16. Nxd4 Ba6 17. Bxa6 Rxa6 18. f3 Nd3+ 19. Kd2 Nxb2
20. Rab1 Nc4+ 21. Kd3 Kd7 22. Rhe1 Rc8 23. Rb5 Ra7 24. f5 Re8 25. f4 Raa8
26. fxe6+ fxe6 27. f5 Nd6 28. fxe6+ Kc7 29. Rxd5 Rad8 30. Rf1 Re7 31. c4
Nb7 32. Rf7 Rxf7 33. exf7 Nc5+ 34. Rxc5+ bxc5 35. f8=Q Rxf8 36. Ne6+ Kd6
37. Nxf8 h6 38. Ke4 1-0

[Event "Turniej Niepodleglosci 2022"]
[Site "Warsaw POL"]
[Date "2022.11.11"]
[Round "7.9"]
[White "Wisniewski, Michal"]
[Black "Pacan-milej, Kosma"]
[Result "1-0"]
[WhiteElo "2130"]
[BlackElo "2302"]

1. Nf3 Nf6 2. c4 g6 3. b4 Bg7 4. Bb2 O-O 5. e3 d6 6. d4 e5 7. dxe5 Ng4 8.
Qb3 Nxe5 9. Nxe5 dxe5 10. Be2 Be6 11. O-O Nd7 12. Nc3 c6 13. Rfd1 Qe7 14.
Ne4 Rfd8 15. Qc2 Qxb4 16. Ng5 Qe7 17. Nxe6 Qxe6 18. c5 Qe7 19. Ba3 Nf6 20.
Qb3 Ne4 21. Rac1 h5 22. Bd3 Ng5 23. Bxg6 h4 24. Bf5 Qf6 25. e4 h3 26. Bxh3
Nxe4 27. Qe3 Ng5 28. Rd6 Rxd6 29. cxd6 Bh6 30. Rd1 Qg6 31. d7 Nxh3+ 32.
Qxh3 Bg5 33. Qg3 Rd8 34. Qxe5 Bf6 35. Qe8+ Kh7 36. Be7 Qc2 37. Qxf7+ Bg7
38. Qh5+ Kg8 39. Bxd8 1-0

[Event "Turniej Niepodleglosci 2022"]
[Site "Warsaw POL"]
[Date "2022.11.11"]
[Round "7.10"]
[White "Jedrusik, Adam"]
[Black "Kacprzak, Karol"]
[Result "0-1"]
[WhiteElo "1851"]
[BlackElo "2296"]

1. d4 Nf6 2. Bg5 e6 3. Nd2 h6 4. Bh4 d5 5. e3 Be7 6. Bd3 c5 7. c3 Nc6 8.
Bxf6 Bxf6 9. f4 Qb6 10. Rb1 g5 11. g3 gxf4 12. gxf4 Bh4+ 13. Kf1 Bd7 14.
Qh5 Be7 15. Ngf3 cxd4 16. exd4 O-O-O 17. Rg1 Qc7 18. Ne5 Nxe5 19. fxe5 f6
20. Nf3 Rdf8 21. Ke2 Be8 22. Qh3 f5 23. Rg7 Qd8 24. Qg3 Bh5 25. Kd2 Rhg8
26. Rxg8 Rxg8 27. Qf2 Qa5 28. a3 Rg4 29. Rg1 Rxg1 30. Nxg1 Bg5+ 31. Ke1 Qd8
32. Nf3 Be7 33. Qg3 Qb6 34. Qg8+ Kd7 35. Nd2 Qxb2 0-1

[Event "Turniej Niepodleglosci 2022"]
[Site "Warsaw POL"]
[Date "2022.11.11"]
[Round "7.11"]
[White "Janeczko, Jakub"]
[Black "Nurkiewicz, Maciej"]
[Result "1/2-1/2"]
[WhiteElo "2105"]
[BlackElo "2246"]

1. e4 e5 2. Nf3 Nc6 3. Nc3 Nf6 4. d4 exd4 5. Nxd4 Bb4 6. Nxc6 bxc6 7. Bd3
O-O 8. O-O d5 9. exd5 cxd5 10. h3 c6 11. Qf3 Rb8 12. Bf4 Bd6 13. b3 Rb4 14.
Ne2 Bxf4 15. Nxf4 Qd6 16. c4 Ba6 17. Rfd1 Qe5 18. Re1 Qg5 19. Rac1 dxc4 20.
Bxc4 Bxc4 21. Rxc4 Rxc4 22. bxc4 Qc5 23. Qc3 Rb8 24. Nd3 Qf5 25. Ne5 Rc8
26. Qa5 Ne4 27. f3 Nd6 28. Qxa7 Re8 29. Qc5 Nxc4 30. Qxc6 Qe6 31. Qxe6 Rxe6
32. Nd3 Kf8 33. Rxe6 fxe6 34. Kf2 Ke7 35. Nc5 Kd6 36. Ne4+ Ke5 37. a4 h6
38. Ke2 Kd4 39. Nd2 Nd6 40. Nb3+ Kc4 41. Na5+ Kb4 42. Nc6+ Kxa4 43. Nd4 e5
44. Nc6 e4 45. fxe4 Nxe4 46. Kf3 Nd6 47. Kf4 Kb5 48. Nd8 Kc4 49. Ke5 Ne8
50. Ke6 h5 51. Kf7 Nd6+ 52. Kxg7 Nf5+ 53. Kg6 Ne3 54. g3 Nf1 55. Kxh5 Nxg3+
56. Kg4 Ne4 57. h4 Kd5 58. Kf5 Ng3+ 59. Kg4 Ne4 60. Nf7 Ke6 61. Ng5+ Nxg5
62. hxg5 Kf7 63. Kh5 Kg7 64. g6 Kg8 65. Kg5 Kg7 66. Kf5 Kg8 67. Kf6 Kf8 68.
g7+ Kg8 69. Kg6 1/2-1/2